00521nam a22001817a 450000500170000001000150001702000260003203500140005803700090007208200130008110000180009424500600011225000060017226000490017827000880022730000210031570000030033620250904143021.0 aENG-146640 a9788175102774c250.00 aEN-130172 bDBAD a158.122 aBatra, Disha  aUnleashing the Power of ChatGPT in Media/cDisha Batra  a2 aNew Delhi bReliance Publishing House c2025 a6/1 South Patel NagaarbNew Delhi mreliancebooks@outlook.comk011-35574440e110008 a152p.c21cm(pbk)